| 000 | 00851cam a2200253 4500 | ||
|---|---|---|---|
| 001 | ABS@61468 | ||
| 008 | 040625n2004 000 0 eng u | ||
| 035 | _a(Sirsi) u126603 | ||
| 100 | _aStiles, D. | ||
| 245 | _aFarmers on waste | ||
| 260 | _c2004 | ||
| 490 |
_aWastes Management _vJune 2004, 58-59(2) |
||
| 520 | _aAgricultural waste is to be governed by the same regulations as municipal, commercial and industrial waste. Discusses the definition of agricultural waste and the problems the agricultural sector will face when traditional products are classified as waste. | ||
| 590 | _aABS | ||
| 590 | _aABS | ||
| 650 | _aAGRICULTURAL WASTE | ||
| 650 | _aDIRECTIVE 75/442/EEC | ||
| 650 | _aWASTE REGULATIONS | ||
| 650 | _aFARMING | ||
| 650 | _aWASTE DISPOSAL | ||
| 650 | _aRECYCLING | ||
| 690 | _aWASTE MANAGEMENT | ||
| 942 | _n0 | ||
| 999 |
_c117594 _d117594 |
||